ՀՀ Գիտությունների ազգային ակադեմիայի հիմնարար գիտական գրադարան  =   Fundamental Scientific Library of NAS RA

Математика : (Record no. 236202)

MARC details
000 -LEADER
fixed length control field 00892nam a2200205 u 4500
001 - CONTROL NUMBER
control field 000583366
003 - CONTROL NUMBER IDENTIFIER
control field AM-YeHGA
005 - DATE AND TIME OF LATEST TRANSACTION
control field 20250617141317.0
008 - FIXED-LENGTH DATA ELEMENTS--GENERAL INFORMATION
fixed length control field 080529s1972 r 000 0 rus d
040 ## - CATALOGING SOURCE
Original cataloging agency AM-YeHGA
041 0# - LANGUAGE CODE
Language code of text/sound track or separate title rus
090 ## - LOCALLY ASSIGNED LC-TYPE CALL NUMBER (OCLC); LOCAL CALL NUMBER (RLIN)
-- 237769
245 00 - TITLE STATEMENT
Title Математика :
Remainder of title Сборник научно-методических статей : Проблемы преподавания математики в вузах /
Statement of responsibility, etc. МВССО СССР ; Редкол. Н.В. Азбелев.
260 ## - PUBLICATION, DISTRIBUTION, ETC.
Place of publication, distribution, etc. Масква :
Name of publisher, distributor, etc. Высшая школа,
Date of publication, distribution, etc. 1972-.
300 ## - PHYSICAL DESCRIPTION
Extent вып.
505 10 - FORMATTED CONTENTS NOTE
Miscellaneous information Вып. 2 (1972, 124 с., ил.)
-- Вып. 4 (1974, 102 с., ил.)
650 14 - SUBJECT ADDED ENTRY--TOPICAL TERM
Topical term or geographic name entry element Математика
700 1# - ADDED ENTRY--PERSONAL NAME
Personal name Азбелев, Н.В.
Relator term ред.
Relationship edt
710 2# - ADDED ENTRY--CORPORATE NAME
Corporate name or jurisdiction name as entry element Министерство высшего и среднего специального образования СССР
Holdings
Withdrawn status Lost status Damaged status Not for loan Collection Home library Current library Date acquired Serial enumeration / chronology Total checkouts Full call number Barcode Date last seen Price effective from Koha item type Public note
        General Fundamental Scientific Library Fundamental Scientific Library 28/12/2016 Вып. 4   PIII/38559 FL0377710 28/12/2016 28/12/2016 Գրքեր / Books 30 Days Loan


ՀՀ ԳԱԱ հիմնարար գիտական գրադարան
ՀՀ,Երևան 0019
Մարշալ Բաղրամյան 24/6
հեռախոս:(374-10) 52-47-50
Հետադարձ կապ

All site content, except where otherwise noted, is licensed under a
Creative Commons License